Дрезден (Запис номер 443237)
[ съкратено ]
| 000 -Лидер | |
|---|---|
| Контролно поле с фиксирана дължина | nam a22 a 4500 |
| 003 - Код на организацията, давaща контролен номер | |
| Контролно поле | BLK |
| 005 - Дата и час на последна редакция | |
| Контролно поле | 20220203104216.0 |
| 008 - Елементи от данни с фиксирана дължина | |
| fixed length control field | 220203b bu |||||r|||| 00| | bu d |
| 020 ## - Международен стандартен номер на книга ISBN | |
| Международен стандартен номер на книга ISBN | 9786190108085 |
| 040 ## - Източник на каталожния запис | |
| Идентификатор на билиотеката - собственик на записа | BLK |
| 041 ## - Код за език | |
| Код за езика на текст/звукозапис или на отделно заглавие | Български |
| Код за езика КДБФ | Български |
| 080 ## - УДК | |
| Текстов определител УДК | История на Германия |
| УДК код - определител по УДК | 94(430) |
| УДК - код + определител | 94(430) |
| 080 ## - УДК | |
| Текстов определител УДК | Морски и въздушни операции. Морска и въздушна война |
| УДК код - определител по УДК | 355.46 |
| УДК определител | (430-21)(091) |
| УДК - код + определител | 355.46(430-21)(091) |
| 100 ## - Редна дума - Автор | |
| R(LIN) | 1299 |
| Автор | Маккей, Синклер |
| Авторска отговорност | първи автор |
| 139 ## - Редно поле | |
| Редна дума | Маккей, Синклер |
| 245 ## - Сведения за заглавието | |
| Заглавие | Дрезден |
| Подзаглавни данни | 1945 огънят и тъмнината |
| Редно поле (дума) | Синклер Маккей ; прев. от англ. Елена Филипова |
| 260 ## - Област на издателските данни | |
| 9 (RLIN) | 210881 |
| Място на издаване, разпространение и проч. | София |
| Име на издателя, разпространителя и проч. | Изток-Запад |
| Година на издаване | 2021 |
| Издателство - префикс ISBN | 978-619-01- ; 978-619-152- ; 978-954-321- ; 954-8945- |
| 300 ## - Физическа характеристика | |
| Страници | 416 с. |
| Илюстрации и др. | с ил., к. |
| Размери/Мащаб | 22 см |
| 380 ## - Жанр | |
| Жанр | История |
| 500 ## - Общи забележки | |
| Забележка | Ориг. загл.: Dresden: the fire and the darkness / Sinclair McKay<br/> |
| 650 #0 - Допълнително описание по предмет – тема | |
| 9 (RLIN) | 271559 |
| Основно описание – тема или топоним | Втора световна война - въздушни операции |
| 650 #0 - Допълнително описание по предмет – тема | |
| 9 (RLIN) | 253290 |
| Основно описание – тема или топоним | Германия - история |
| 651 #7 - Допълнително описание по предмет - топоним | |
| 9 (RLIN) | 178843 |
| Географско понятие | Дрезден |
| 700 ## - Други автори (авторска отговорност) | |
| 9 (RLIN) | 1021 |
| Лично име | Филипова, Елена Иванова |
| Автороска отговорност (Описва отношението между автора и произведението) | прев. от англ. |
| 999 ## - СИСТЕМНИ КОНТРОЛНИ НОМЕРА | |
| Koha biblionumber | 443237 |
| Koha biblioitemnumber | 443237 |
| 942 ## - АРТИКУЛИ | |
| Вид на библиотечния материал | Книги |
| Скрит в OPAC | Не |
| Периодичен библиозапис | Да |
| 944 ## - СЪЗДАВАНЕ И РЕДАКЦИЯ на ЗАПИСА | |
| Създаване/Редакция | Създаване |
| Дата на регистрацията/редакция | 2022-02-03 |
| Служител, извършил регистрацията/редакцията | ВК |
| Код за отписване | Код за изгубен артикул | Източник на класификационната схема | Код за повреда | Коз за рестрикции | Код за отдаване | Артикулен № | Име на библиотеката - собственик | Име на библиотеката, в която се намира в момента | Статус (Текущо местоположение) | Дата на вписване в системата | Местоположение - отдел | Цена в лева | Систематично азбучна сигнатура | Баркод | Цена в евро | Служебен тип на артикула |
|---|---|---|---|---|---|---|---|---|---|---|---|---|---|---|---|---|
| Не е изгубен | Universal Decimal Classification | Не е повреден | само за читалня | ползва се в читалня | 870910 | Регионална библиотека "Любен Каравелов" Русе | Регионална библиотека "Любен Каравелов" Русе | Хранилище | 2022-02-10 | Хранилище | 22.90 | Цб 310734 | 120000865156 | 11.71 | Книги |